| 000 | 00502ntaaa2200193 4500 | ||
|---|---|---|---|
| 003 | 01 | ||
| 005 | 20251027201826.0 | ||
| 008 | 0714s1973 ag 01 | ||
| 040 |
_aAR-BaBN _bspa _cAR-BaBN _eaacr _dRIC |
||
| 082 | _a244.0000 L85 | ||
| 100 |
_aLong, Eula Kennedy _916730 |
||
| 245 | _aCorazones felices | ||
| 250 | _a1 ed. | ||
| 260 |
_aMéxico : _bCasa Unida de Publicaciones, _c1956 |
||
| 300 | _a214 p | ||
| 500 | _aLecturas para la mujer y el hogar | ||
| 650 |
_ahogar cristiano _92060 |
||
| 942 | _cBK | ||
| 999 |
_c12935 _d12935 |
||